CO JEST ZROBIONE Z KUKURYDZY? - Statystyki

Ogólne statystyki
  • Ten quiz został rozwiązany 75 razy
  • Średni wynik to 2 z 7
Statystyki odpowiedzi
Odpowiedź % Poprawnych
POPCORN
91%
CHRUPKI
48%
MĄKA KUKURYDZIANA
30%
PŁATKI KUKURYDZIANE
30%
CHLEB
20%
TORTILLA
11%
NACZOSY
5%
Nie znaleziono quizów pasujących do podanych kryteriów
Rozkład punktacji
Procent ludzi z każdym wynikiem
Percentyl według liczby udzielonych odpowiedzi
Twoja historia wyników
Nie rozwiązałeś tego quizu